LEADER 01085cam a2200289 i 4500 001 991002801589707536 008 741011s1974 gw b 000 0 eng d 020 $a3540066462 020 $a0387066462 035 $ab14234336-39ule_inst 040 $aBibl. Dip.le Aggr. Matematica e Fisica - Sez. Matematica$beng 082 0 $a531.08 084 $aLC QA805.N696 084 $aAMS 80A05 100 1 $aNoll, Walter$0321318 245 14$aThe foundations of mechanics and thermodynamics :$bselected papers /$cby W. Noll ; with a preface by C. Truesdell 260 $aBerlin ;$aNew York :$bSpringer,$c1974 300 $ax, 324 p. ;$c25 cm 504 $aIncludes bibliographies 650 0$aMechanics 650 0$aThermodynamics 907 $a.b14234336$b21-10-15$c03-07-15 912 $a991002801589707536 945 $aLE013 Fondo Cattaneo 80A NOL11 (1974)$g1$i2013000151922$lle013$og$pE47.00$q-$rn$s- $t1$u0$v0$w0$x0$y.i15685135$z03-07-15 996 $aFoundations of mechanics and thermodynamics$9255447 997 $aUNISALENTO 998 $ale013$b03-07-15$cm$da $e-$feng$ggw $h4$i0 LEADER 01620nam0 2200373 i 450 001 VAN00125934 005 20250122020724.316 017 70$2N$a9789811332692 100 $a20191218d2019 |0itac50 ba 101 $aeng 102 $aSG 105 $a|||| ||||| 181 $ai$b e 182 $ab 200 1 $aNano-Energetic Materials$feds. Shantanu Bhattacharya ... [et al.] 210 $aSingapore$cSpringer$d2019 215 $aXV, 290 p.$cill.$d24 cm 410 1$1001VAN00125043$12001 $aEnergy, Environment, and Sustainability$1210 $aSingapore$cSpringer$d2018- 620 $aSG$dSingapore$3VANL000061 676 $a620.11$cMateriali dell'ingegneria$v22 676 $a620.5$cNanotecnologia$v22 676 $a620.1$cScienze dei materiali$v22 676 $a621.3126$cModificazione e accumulazione di energia$v22 676 $a537.622$cSemiconduttivitā$v22 702 1$aBhattacharya$bShantanu$3VANV097354 712 $aSpringer $3VANV108073$4650 801 $aIT$bSOL$c20250124$gRICA 856 4 $uhttps://link.springer.com/book/10.1007/978-981-13-3269-2$zE-book - Accesso al full-text attraverso riconoscimento IP di Ateneo, proxy e/o Shibboleth 899 $aBIBLIOTECA DEL DIPARTIMENTO DI SCIENZE E TECNOLOGIE AMBIENTALI BIOLOGICHE E FARMACEUTICHE$1IT-CE0101$2VAN17 912 $fN 912 $aVAN00125934 950 $aBIBLIOTECA DEL DIPARTIMENTO DI SCIENZE E TECNOLOGIE AMBIENTALI BIOLOGICHE E FARMACEUTICHE$d17CONS e-book 2113 $e17BIB2113/9 9 20191218 996 $aNano-Energetic Materials$91568724 997 $aUNICAMPANIA